| 000 | 01574cam a2200289 4500500 | ||
|---|---|---|---|
| 005 | 20251228073416.0 | ||
| 041 | _afre | ||
| 042 | _adc | ||
| 100 | 1 | 0 |
_aSesé, Bernard _eauthor |
| 245 | 0 | 0 | _aPoétique de l'extase selon sainte Thérèse d'Avila et saint Jean de la Croix |
| 260 | _c2007. | ||
| 500 | _a98 | ||
| 520 | _aRésuméDepuis l’envol ou le transpercement du cœur, l’extase s’exprime par divers états psychiques ou somatiques. Après en avoir esquissé la phénoménologie, et l’avoir située dans le cours de l’expérience spirituelle, on rassemblera les principales images (les cris, l’ivresse, la blessure, le feu...) qui la suggèrent dans les écrits des deux mystiques espagnols du xvie siècle. | ||
| 520 | _aWhether it is seen as a “flight of the spirit” or as a “piercing of the heart”, ecstasy is conveyed through various mental or physical states. After presenting its phenomenology and determining its place within the spiritual experience, we will bring forth the main images suggesting ecstasy such as cries, rapture, wounds, fire - in the writings of the two sixteenth-century Spanish mystics. | ||
| 690 | _acorps | ||
| 690 | _aEspagne | ||
| 690 | _aextases | ||
| 690 | _aimages | ||
| 690 | _amystiques | ||
| 690 | _abodies | ||
| 690 | _aecstasies | ||
| 690 | _aimages | ||
| 690 | _amystics | ||
| 690 | _aSpain | ||
| 786 | 0 | _nSavoirs et clinique | 8 | 1 | 2007-10-18 | p. 27-35 | 1634-3298 | |
| 856 | 4 | 1 | _uhttps://shs.cairn.info/revue-savoirs-et-cliniques-2007-1-page-27?lang=fr&redirect-ssocas=7080 |
| 999 |
_c1595212 _d1595212 |
||